OOTD - Fill the lyrics by Dreamcatcher - Statistics

General Stats
  • This quiz has been taken 29 times
  • The average score is 36 of 70
Answer Stats
OOTD - Lyrics % Correct
{OOTD}, this my {fashion}
100%
{Shut} {up}, no more {questions}
95%
비춰 spotlight, {unforgettable}
86%
I'm the {future}, so {incredible}
82%
{OOTD}, this my {fashion}
82%
Gonna catch your {attention}
77%
Like a {time-lapse}
77%
Ready, {action}
77%
So {high}
77%
Cash in the {backseat}
73%
{Catch} up, it's a {miracle}
73%
Don't you wanna {feel} it? {Come} and {ride}
73%
Look at my {necklace}
73%
(One, two, three, four, one, two, {three})
73%
{OOTD}, this my {fashion}
73%
Popping the {champagne}
73%
{Rise}, 매일 불꽃이 터져
73%
{Shut} {up}, no more {questions}
73%
Wearing my {black} {dress}
73%
We call it so {sweet}, so {sweet}
73%
{Bet} you'll {remember} me
68%
{Complicated}, it's a {miracle}
68%
Cruising my {rollie}
68%
닿지 못할 만큼 (I'm {only} doing {better})
68%
{Shall} we {start} this {game}?
68%
{Revolution} 나의 안목이
64%
Then {wait} 'til you {know} (Oh)
64%
F*ck {outta} my {way}
59%
(I am {Venus}, {Nephthys}, call me a {goddess})
59%
이제 안 숨길래 looking for my {life}
59%
{Outta} my, {outta} my, {outta} my
59%
나의 red {carpet}, I'm another {level}
55%
{Rise}, 매일 불꽃이 터져
55%
So {high}
55%
(I am {Venus}, {Nephthys}, call me a {goddess})
50%
(One, two, three, four, one, two, {three})
50%
{OOTD}, this my {fashion}
50%
{OOTD}, this my {fashion}
50%
Ready, {action}
50%
{Shut} {up}, no more {questions}
50%
Don't you wanna {feel} it? {Come} and {ride}
45%
어때? Do you {feel} like a {monster}?
45%
Driving on the {highway}, drunken {everyday}
45%
닿지 못할 만큼 (I'm {only} doing {better})
45%
Look at my {necklace}
45%
Popping the {champagne}
45%
{Shall} we {start} this {game}?
45%
Wearing my {black} {dress}
45%
We call it so {sweet}, so {sweet} (Yeah)
45%
Cash in the {backseat}
41%
Cruising my {rollie}
41%
{Celebrate}, 우리의 축제 (Whoa-oh)
36%
{Hypnotize}, 좀 더 어지럽게
32%
Popping the {champagne}
32%
Look at my {necklace}
27%
{Visualize}, 나를 더 표현해
27%
Cash in the {backseat}
23%
Cruising my {rollie}
23%
Don't you wanna {feel} it? {Come} and {ride}
23%
{Elevate}, 보다 더 높게 ({Visualize})
23%
Wearing my {black} {dress}
23%
I'm so {gorgeous} ({Gorgeous})
18%
여길 봐봐, I'm {spotless}, I'm {spotless}
18%
{OOTD}, I'm {flawless}, I'm {flawless}
18%
I'm so {gorgeous}
9%
I'm so {gorgeous} ({Gorgeous})
9%
I'm so {priceless}
9%
I'm so {priceless} ({Priceless}, {priceless})
9%
{OOTD}, I'm {flawless}, I'm {flawless}
9%
여길 봐봐, I'm {spotless}, I'm {spotless}
5%
No matching quizzes found
Score Distribution
Percent of People with Each Score
Percentile by Number Answered
Your Score History
You have not taken this quiz